00975nam a2200277Ia 4500003000900000008004100009040001300050040001300063041000900076041000900085100002400094100001200118245011700130250000900247260001800256260000900274300001200283300000800295300001400303490003300317490000600350600013300356942000700489999001700496952018400513IT-RoPAU120407s9999 xx 000 0 und d aIT-RoPAU cIT-RoPAU aita  blat  aAugustinus Aurelius csanctus aLe lettere... Testo latino dell’ediz. maurina confrontato con il Corpus scriptorum ecclesiasticorum Latinorum. aRoma aCittà Nuova c1971 a1247 p. btav c23,1/2 cm aNuova Biblioteca agostiniana v1 a"Introduzione di Michele Pellegrino. Traduzione di T.Alimonti (1-30) Traduzione di L.Carrozzi (31-123) Note di Luigi Carrozzi. " cBK c24888d24888 00102ddc406276_60000000000000071aPAULUSbPAULUSd2012-04-11l0o276.6r2012-04-11 00:00:00w2012-04-11yBKzInserito da: Anna In data: n.d. fondo: Via A.Severo 56 Progr:23342